Yo no he sido : (Registro nro. 12131)
[ vista simple ]
| 000 -CABECERA | |
|---|---|
| Longitud fija campo de control | 00700nam a22002297c 4500 |
| 003 - • IDENTIFICADOR DELl NÚMERO DE CONTROL | |
| Identificador del número de control | CO-ViMGA |
| 005 - • FECHA Y HORA DE LA ÚLTIMA TRANSACCIÓN | |
| Fecha y hora de la última transacción | 20230915225027.0 |
| 008 - • CÓDIGOS DE INFORMACIÓN DE LONGITUD FIJA | |
| Códigos de información de longitud fija | 120621s2008 sp a | |||| 000 1 spa |
| 020 ## - • NÚMERO INTERNACIONAL NORMALIZADO PARA LIBROS | |
| Número Internacional Normalizado para Libros (ISBN) | ISBN 9788426136534 |
| 040 ## - FUENTE DE LA CATALOGACIÓN | |
| Centro catalogador de origen | CO-ViMGA |
| Lengua de catalogación | spa |
| Centro transcriptor | CO-ViMGA |
| 041 1# - • CÓDIGO DE LENGUA | |
| Código de lengua original | eng |
| 100 1# - • PUNTO DE ACCESO PRINCIPAL-NOMBRE DE PERSONA | |
| Nombre de persona | Thomas, Pat |
| Fechas asociadas al nombre | 1959- |
| 245 10 - • TITULO PROPIAMENTE DICHO | |
| Título | Yo no he sido : |
| Resto del título | hablemos de la sinceridad y la honradez |
| Mención de responsabilidad, etc. | Pat Thomas ; con ilustraciones de Lesley Harker ; [traduccin̤, Maria Luccetti Bochaca] |
| 250 ## - • MENCIÓN DE EDICIÓN | |
| Mención de edición | 1® ed. |
| 300 ## - • DESCRIPCIÓN FÍSICA | |
| Extensión | 29 p. |
| Otras características físicas | il. col. |
| Dimensiones | 22 x 24 cm |
| 490 0# - • MENCIÓN DE SERIE | |
| Mención de serie | Hablemos de-- |
| 700 1# - • PUNTO DE ACCESO ADICIONAL - NOMBRE DE PERSONA | |
| Nombre de persona | Harker, Lesley |
| 942 ## - ENTRADA DE ELEMENTOS AGREGADOS (KOHA) | |
| Fuente de clasificaión o esquema | Dewey Decimal Classification |
| Koha [por defecto] tipo de item | LIbro |
| Perdido | Fuente de clasificación o esquema | Estado Físico | No para préstamo | Forma de adquisición | Localización permanente | Localización actual | Fecha adquisición | Préstamos totales | Signatura completa | Código de barras | Fecha última consulta | Fecha último préstamo | Número de copia | Fecha del precio de reemplazo | Tipo de item de Koha | Localización en estanterías | Note pública |
|---|---|---|---|---|---|---|---|---|---|---|---|---|---|---|---|---|---|
| Colección Sala Infantil de Literatura Pocatil y Tilín | Biblioteca Pública Departamental Eduardo Carranza - Villavicencio | Biblioteca Pública Departamental Eduardo Carranza - Villavicencio | 11/21/2014 | C THO3 | ECA22210 | 11/26/2024 | Ej.1 | 11/26/2024 | LIbro | Sala Infantil | 17287 | 22206 | ||||||
| Dewey Decimal Classification | Sala Infantil Segundo Piso | Biblioteca Pública Germán Arciniegas - Villavicencio | Biblioteca Pública Germán Arciniegas - Villavicencio | 12/02/2015 | 4 | CTHOy | 29269 | 09/14/2025 | 08/19/2025 | 1 | 12/03/2015 | LIbro |